000 01245nam a22002535i 4500
001 3736
005 20240425160414.0
020 _a9781789505108
040 _aDLC
_beng
_erda
_cDLC
050 _aPS3515.E37
082 _a813.52
100 1 _aHemingway, Ernest
_eauthor.
245 1 4 _aThe sun also rises /
_cErnest Hemingway
250 _aThis edition published in 2019
260 _aLondon :
_bArcturus Publishing Limited ,
_c2019
300 _a224 pages :
_billustrations ;
_c21 cm .
505 _aO
520 _aA poignant look at the disillusionment and angst of the post-World War I generation, the novel introduces two of Hemingway's most unforgettable characters: Jake Barnes and Lady Brett Ashley. The story follows the flamboyant Brett and the hapless Jake as they journey from the wild nightlife of 1920s Paris to the brutal bullfighting rings of Spain with a motley group of expatriates. In his first great literary masterpiece, Hemingway portrays an age of moral bankruptcy, spiritual dissolution, unrealized love, and vanishing illusions.
521 _a610
_bLexile
521 _aO
_bRaz-Plus
650 _abullfighting
_vfiction
906 _a0
_bibc
_corignew
_d2
_eepcn
_f20
_gy-gencatlg
942 _2ddc
_cBK
_n0
999 _c3736
_d3736